American interventions and just cause (Record no. 526635)

000 -LEADER
fixed length control field 00243nam a22000977a 4500
082 ## - DEWEY DECIMAL CLASSIFICATION NUMBER
Classification number SNT Dx73 D969
100 ## - MAIN ENTRY--PERSONAL NAME
Personal name Dwivedi, Manan
9 (RLIN) 46135
245 ## - TITLE STATEMENT
Title American interventions and just cause
260 ## - PUBLICATION, DISTRIBUTION, ETC. (IMPRINT)
Place of publication, distribution, etc New Delhi
Name of publisher, distributor, etc Pentagon
Date of publication, distribution, etc 2019
300 ## - PHYSICAL DESCRIPTION
Extent 183p.
Holdings
Withdrawn status Lost status Source of classification or shelving scheme Damaged status Koha normalized classification for sorting Not for loan Permanent location Current location Date acquired Full call number Barcode Date last seen Price effective from Koha item type
        SNT_DX73_D969   Indian Institute of Public Administration Indian Institute of Public Administration 2024-06-14 SNT Dx73 D969 GR24993 2024-06-14 2024-06-14 GR

Powered by Koha